Open Data Biblioteca Nacional de Portugal


República Portuguesa: Ministério da Cultura
Biblioteca Nacional de Portugal

Catálogo da BNP: acesso por Identificadores Unívocos
Registos Bibliográficos associados ao registo de autoridade

Etiqueta de registo: 00000nkm 2200025 450
001 2282246
003 http://id.bnportugal.gov.pt/bib/catbnp/2282246
100 ## $a20260320d1984 m y0pory01030103ba
101 0# $apor
102 ## $aPT
200 1# $aNós sobrevivemos, 10 anos de luta dando voz aos deficientes das forças armadas$bVisual gráfico]$fADFA$gVictor Paula 84
210 #9 $a[S.l.]$cADFA,$d1984
215 ## $a1 cartaz$ccolor.$d64,5x48 cm
317 ## $aColeção Madeira Luís
702 #1 $aPaula,$bVictor$31992832
710 02 $aAssociação dos Deficientes das Forças Armadas$381345
801 #0 $aPT$bBN$gRPC
966 ## $lBN$mICONOG$sCT. 25680 A.$x3
971 ## $cCaticonografia9$d20260320
995 ## $aPRR2026

OpendataBNP@bnportugal.pt | Mais informação sobre acesso aos dados BNP